| 000 | 00922nas a2200289 4500 | ||
|---|---|---|---|
| 001 | BR9211942 | ||
| 003 | BR-BrBNA | ||
| 005 | 20231205093544.0 | ||
| 007 | ta | ||
| 008 | 230509b bl.|||p| |||| 00| 00por d | ||
| 040 |
_aBR-BrBNA _bpor _cBiblioteca Nacional de Agricultura |
||
| 041 | _a(Pt) | ||
| 072 | _aP35; P34 | ||
| 100 | 1 | _aNahas, E. | |
| 100 | 1 | _aAssis, L.C. de A. | |
| 245 | 1 | _aSolubilizacao de fosfatos de rocha por Aspergillus niger em diferentes tipos de vinhaca | |
| 246 | 1 | _aRock phosphate solubilization by Aspergillus niger in different types of vinasse | |
| 650 | _aFUNGO | ||
| 650 | _aFOSFATO | ||
| 650 | _aFIXACAO DE FOSFORO | ||
| 650 | _aINOCULACAO | ||
| 650 | _aVINHACA | ||
| 650 | _aSOLUBILIDADE | ||
| 773 | 0 |
_tPesquisa Agropecuaria Brasileira (Brazil) _xISSN 0100-204X _g(Feb 1992), v. 27(2) p. 325-331 _wBR9211942 |
|
| 909 |
_a202311 _bLúcia _c55 _dLúcia Elande |
||
| 942 |
_2AGRIS _n0 _cANA |
||
| 999 |
_c139135 _d139135 |
||